000 00548nam a2200169 a 4500
001 000026676
005 20200930030340.0
008 110324s1982 dr 000 0 spa d
040 _aDO-SdBNP
_bspa
_cBNPHU
100 1 _aBerges, Frederich E.
_d1949
_953796
245 0 _aConciencia. /
_cFrederich E. Berges ; prólogo Aníbal de Castro.
260 _aSanto Domingo :
_bCentro de Estudios Monetarios y Bancarios (CEMYB),
_c1982.
440 0 _aGeneral
_918968
700 _aCastro, Aníbal
_epról.
_953797
830 0 _aGeneral
_918968
049 _aBNPD
999 _c26168
_d26168